[Event "Carabobo-chT"]
[Site "Valencia"]
[Date "2020.03.08"]
[Round "4.2"]
[White "Blanco Da Silva, Cristofer R"]
[Black "Mejias Veliz, Erick Jose"]
[Result "1-0"]
[WhiteElo "2087"]
[BlackElo "1973"]
[PlyCount "59"]
[EventDate "2020.03.07"]
[EventType "team-swiss"]
[EventRounds "6"]
[EventCountry "VEN"]
[SourceTitle "EXT 2021"]
[Source "ChessBase"]
[SourceDate "2020.10.23"]
[SourceVersion "1"]
[SourceVersionDate "2020.10.23"]
[SourceQuality "1"]

1. e4 c5 2. Nf3 a6 3. d3 Nc6 4. g3 Nf6 5. Bg2 d6 6. 0-0 Bg4 7. c3 g6 8. Bg5 h6 9. Be3 Bg7 10. h3 Be6 11. Nbd2 Qd7 12. Kh2 g5 13. d4 cxd4 14. Nxd4 Nxd4 15. cxd4 d5 16. e5 Ne4 17. Nxe4 dxe4 18. Qc2 g4 19. Qxe4 gxh3 20. Qxb7 Qxb7 21. Bxb7 Rb8 22. Bc6+ Kd8 23. b3 h5 24. Rac1 Bh6 25. f4 Rg8 26. Bd2 Bd7 27. Ba5+ Ke8 28. Bxd7+ Kxd7 29. Rc7+ Ke6 30. Rc6+ 1-0

[Event "Santos Inocentes op"]
[Site "Valencia"]
[Date "2019.12.28"]
[Round "2"]
[White "Maldonado, Mauricio"]
[Black "Blanco Da Silva, Cristofer R"]
[Result "0-1"]
[WhiteElo "1564"]
[BlackElo "2046"]
[PlyCount "82"]
[EventDate "2019.12.28"]
[EventType "swiss"]
[EventRounds "6"]
[EventCountry "VEN"]
[SourceTitle "EXT 2021"]
[Source "ChessBase"]
[SourceDate "2020.10.23"]
[SourceVersion "1"]
[SourceVersionDate "2020.10.23"]
[SourceQuality "1"]

1. e4 g6 2. Nf3 Bg7 3. d4 d6 4. Bc4 Nf6 5. Nc3 0-0 6. h3 Nxe4 7. Nxe4 d5 8. Bxd5 Qxd5 9. Nc3 Qh5 10. Be3 Bg4 11. 0-0 Bxf3 12. Qxf3 Qxf3 13. gxf3 Nc6 14. Rad1 Rad8 15. Kh2 Nxd4 16. Bxd4 Rxd4 17. Rxd4 Bxd4 18. Rd1 e5 19. f4 Bxc3 20. bxc3 exf4 21. Rd7 Rc8 22. Kg2 Kg7 23. Kf3 g5 24. Ke4 Kf6 25. Kd5 h6 26. f3 Kg6 27. a4 f6 28. a5 Kf5 29. c4 h5 30. c5 g4 31. hxg4+ hxg4 32. fxg4+ Kxg4 33. Rg7+ Kf3 34. c6 bxc6+ 35. Kxc6 Ke2 36. Re7+ Kf1 37. Re4 f3 38. Rf4 f2 39. Rxf6 Ke1 40. Re6+ Kd2 41. Kb7 Rf8 0-1

[Event "Carabobo Acadar Cup"]
[Site "Carabobo"]
[Date "2019.01.08"]
[Round "13"]
[White "Guidi Garcia, Walrlinrey Yulian"]
[Black "Blanco Da Silva, Cristofer R"]
[Result "0-1"]
[WhiteElo "2090"]
[BlackElo "2017"]
[PlyCount "74"]
[EventDate "2019.01.04"]
[EventType "tourn"]
[EventRounds "14"]
[EventCountry "VEN"]
[SourceTitle "CBM 188 Extra"]
[Source "ChessBase"]
[SourceDate "2019.02.26"]
[SourceVersion "1"]
[SourceVersionDate "2019.02.26"]
[SourceQuality "1"]

1. e4 g6 2. d4 Bg7 3. c3 d6 4. Bf4 Nf6 5. Nd2 0-0 6. Ngf3 Nbd7 7. Bc4 c6 8. 0-0 d5 9. exd5 cxd5 10. Bb3 Re8 11. Re1 b6 12. Rc1 Bb7 13. Ne5 Nh5 14. Qf3 Nxf4 15. Qxf4 f6 16. Nef3 e5 17. Qg3 Kh8 18. h4 e4 19. Nh2 Bh6 20. Rcd1 f5 21. Ndf1 f4 22. Qh3 Nf6 23. Ng4 Nxg4 24. Qxg4 Bc8 25. Qe2 Be6 26. h5 Qg5 27. f3 exf3 28. Qxf3 Bg4 29. Qxd5 Bxd1 30. Rxe8+ Rxe8 31. Qxg5 Bxg5 32. Bxd1 Re1 33. Bf3 Rb1 34. hxg6 hxg6 35. b3 Rc1 36. c4 Bf6 37. d5 Bd4+ 0-1

[Event "Carabobo Acadar Cup"]
[Site "Carabobo"]
[Date "2019.01.06"]
[Round "9"]
[White "Gauna Rojas, Jose Gregorio"]
[Black "Blanco Da Silva, Cristofer R"]
[Result "1-0"]
[WhiteElo "1950"]
[BlackElo "2017"]
[PlyCount "74"]
[EventDate "2019.01.04"]
[EventType "tourn"]
[EventRounds "14"]
[EventCountry "VEN"]
[SourceTitle "CBM 188 Extra"]
[Source "ChessBase"]
[SourceDate "2019.02.26"]
[SourceVersion "1"]
[SourceVersionDate "2019.02.26"]
[SourceQuality "1"]

1. e4 g6 2. Nf3 Bg7 3. d4 d6 4. Bd3 Nf6 5. h3 0-0 6. 0-0 Nbd7 7. c4 e5 8. d5 Nc5 9. Nc3 a5 10. Bc2 Nfd7 11. Bg5 Qe8 12. Nb5 Na6 13. Bd2 b6 14. a3 f5 15. b4 axb4 16. axb4 Qe7 17. exf5 gxf5 18. Ra3 e4 19. Qe2 Bf6 20. Nfd4 Ne5 21. f3 exf3 22. Nxf3 Bd7 23. Nfd4 c6 24. dxc6 Nxc6 25. Qxe7 Nxe7 26. Rd3 d5 27. cxd5 Kh8 28. d6 Nd5 29. Rdf3 Naxb4 30. Bxf5 Bxb5 31. Nxb5 Ra5 32. Nc7 Bd4+ 33. Kh1 Ra2 34. Bh6 Rd8 35. Ne6 Rxd6 36. Nxd4 Rxh6 37. Be6 Rh4 1-0

[Event "Valencia Carabobeno 3rd"]
[Site "Valencia"]
[Date "2017.08.27"]
[Round "5"]
[White "Blanco Da Silva, Cristofer R"]
[Black "Palencia Morales, Wilson Guillermo"]
[Result "0-1"]
[WhiteElo "1979"]
[BlackElo "2312"]
[PlyCount "60"]
[EventDate "2017.08.25"]
[EventType "swiss"]
[EventRounds "5"]
[EventCountry "VEN"]
[SourceTitle "CBM 180 Extra"]
[Source "ChessBase"]
[SourceDate "2017.10.06"]
[SourceVersion "1"]
[SourceVersionDate "2017.10.06"]
[SourceQuality "1"]

1. e4 e6 2. d3 d5 3. Nd2 e5 4. Ngf3 Nc6 5. g3 Nf6 6. Bg2 Be7 7. 0-0 0-0 8. Re1 d4 9. Nc4 Nd7 10. a4 a5 11. Nfd2 Nc5 12. f4 exf4 13. gxf4 Nb4 14. Nf3 Be6 15. b3 f5 16. exf5 Bxf5 17. Nce5 Ne6 18. Qe2 Nd5 19. Qf2 Bb4 20. Rf1 Ndxf4 21. Bxf4 Nxf4 22. Qh4 Nxg2 23. Qxd8 Raxd8 24. Kxg2 Be6 25. Rf2 Bd5 26. Raf1 Rf4 27. Kg3 Rdf8 28. Nd7 Rxf3+ 29. Rxf3 Bd6+ 30. Kg2 Rd8 0-1

[Event "Valencia op 3rd"]
[Site "Valencia"]
[Date "2017.07.01"]
[Round "2"]
[White "Almerida Carrasco, Alfredo Alejandro"]
[Black "Blanco Da Silva, Cristofer R"]
[Result "1-0"]
[WhiteElo "1995"]
[BlackElo "1993"]
[PlyCount "103"]
[EventDate "2017.06.30"]
[EventType "swiss"]
[EventRounds "5"]
[EventCountry "VEN"]
[SourceTitle "EXT 2018"]
[Source "ChessBase"]
[SourceDate "2017.10.13"]
[SourceVersion "1"]
[SourceVersionDate "2017.10.13"]
[SourceQuality "1"]

1. c4 Nf6 2. Nc3 g6 3. d4 Bg7 4. e4 d6 5. Nf3 0-0 6. Be2 Nbd7 7. 0-0 e5 8. dxe5 dxe5 9. Qc2 c6 10. b4 Re8 11. Bb2 Qc7 12. a4 Nf8 13. Rfd1 Bg4 14. Nd2 Ne6 15. Bxg4 Nd4 16. Qd3 Nxg4 17. h3 Nf6 18. Ne2 Rad8 19. Nxd4 exd4 20. c5 Qf4 21. Re1 h5 22. g3 Qc7 23. Nc4 h4 24. Nd6 hxg3 25. fxg3 Nh5 26. Nxe8 Rxe8 27. g4 Nf4 28. Qf3 Be5 29. Rad1 Rd8 30. Rf1 g5 31. Bc1 f6 32. Bxf4 Bxf4 33. Qb3+ Kg7 34. Kg2 Qe5 35. Qd3 a5 36. Rb1 Rd7 37. Rf2 axb4 38. Rxb4 Qxc5 39. Rfb2 Qc3 40. R2b3 Qxd3 41. Rxd3 Be5 42. Kf3 Kf7 43. Ke2 Ke6 44. Rdb3 c5 45. Rb6+ Ke7 46. Rxb7 d3+ 47. Kd1 Bc7 48. a5 c4 49. Rc3 Bxa5 50. Rxd7+ Kxd7 51. Rxc4 Ke6 52. Rc6+ 1-0

[Event "Valencia IRT"]
[Site "Valencia"]
[Date "2017.05.26"]
[Round "1"]
[White "Romero Barreto, Jaime Jose"]
[Black "Blanco Da Silva, Cristofer R"]
[Result "1-0"]
[WhiteElo "2238"]
[BlackElo "1994"]
[PlyCount "30"]
[EventDate "2017.05.26"]
[EventType "swiss"]
[EventRounds "6"]
[EventCountry "VEN"]
[SourceTitle "EXT 2018"]
[Source "ChessBase"]
[SourceDate "2017.10.13"]
[SourceVersion "1"]
[SourceVersionDate "2017.10.13"]
[SourceQuality "1"]

1. e4 g6 2. d4 Bg7 3. Nf3 d6 4. h3 Nf6 5. Nc3 c5 6. dxc5 Qa5 7. Bb5+ Bd7 8. Bxd7+ Nbxd7 9. cxd6 Nxe4 10. 0-0 Nxc3 11. bxc3 Bxc3 12. Rb1 exd6 13. Rxb7 Qa6 14. Qd5 Rc8 15. Ng5 Kd8 1-0

[Event "VEN-ch U20"]
[Site "Maturin"]
[Date "2015.05.15"]
[Round "5"]
[White "Salazar Martinez, Angel Daniel"]
[Black "Blanco Da Silva, Cristofer R"]
[Result "0-1"]
[WhiteElo "1753"]
[BlackElo "2009"]
[PlyCount "128"]
[EventDate "2015.05.13"]
[EventType "swiss"]
[EventRounds "7"]
[EventCountry "VEN"]
[SourceTitle "EXT 2018"]
[Source "ChessBase"]
[SourceDate "2017.10.13"]
[SourceVersion "1"]
[SourceVersionDate "2017.10.13"]
[SourceQuality "1"]

1. e4 g6 2. d4 Bg7 3. c4 d6 4. Nc3 Nf6 5. f3 Nbd7 6. Be3 e5 7. d5 0-0 8. Nge2 Ne8 9. h4 f5 10. Bg5 Bf6 11. Bh6 Rf7 12. h5 Bg5 13. hxg6 hxg6 14. Bxg5 Qxg5 15. Qd2 Qxd2+ 16. Kxd2 Ndf6 17. Ng3 f4 18. Nge2 Nh5 19. b4 a5 20. Rb1 Nef6 21. Rg1 Kg7 22. g4 fxg3 23. Nxg3 Nxg3 24. Rxg3 Nh5 25. Rg1 Rxf3 26. Be2 Rf2 27. Ke3 Rh2 28. Bxh5 Rxh5 29. Rg3 g5 30. b5 b6 31. Rbg1 Kg6 32. Nd1 Bd7 33. Nf2 Rf8 34. a4 Kh6 35. R1g2 Rf4 36. Kd3 Kg6 37. Ke3 Kf6 38. Kd3 Rfh4 39. Rf3+ Kg6 40. Rfg3 g4 41. Nxg4 Bxg4 42. Rxg4+ Rxg4 43. Rxg4+ Rg5 44. Rh4 Rg3+ 45. Kc2 Rg2+ 46. Kb3 Kf6 47. Kc3 Rg7 48. Rh3 Rg4 49. Rh7 Rg3+ 50. Kb2 Rg7 51. Rh3 Kf7 52. Kc3 Kg8 53. Rf3 Rg4 54. Kd3 Rg1 55. Kc3 Ra1 56. Kb3 Re1 57. Rg3+ Kf7 58. Rg4 Rf1 59. Rh4 Ke7 60. Rh7+ Rf7 61. Rh4 Rf4 62. Rh7+ Kd8 63. Rh8+ Kd7 64. Rh7+ Kc8 0-1